পাঠপ্রসঙ্গ / (Record no. 6762)
[ view plain ]
| 000 -LEADER | |
|---|---|
| fixed length control field | 00755nam a22002297a 4500 |
| 001 - CONTROL NUMBER | |
| JCCL Control Number | 6762 |
| 003 - CONTROL NUMBER IDENTIFIER | |
| JCCL marc code | BD-JhCC |
| 005 - DATE AND TIME OF LATEST TRANSACTION | |
| control field | 20180207095112.0 |
| 008 - FIXED-LENGTH DATA ELEMENTS--GENERAL INFORMATION | |
| fixed length control field | 180129b xxu||||| |||| 00| 0 eng d |
| 035 ## - SYSTEM CONTROL NUMBER | |
| system control number | (BD-JhCC)6762 |
| 040 ## - CATALOGING SOURCE | |
| Original cataloging agency | BD-JhCC |
| Modifying agency | BD-JhCC |
| 041 ## - LANGUAGE CODE | |
| Language code of Book | eng |
| 082 ## - DEWEY DECIMAL CLASSIFICATION NUMBER | |
| Classification number | 371 |
| Author mark and Year | STA 1999 |
| 100 ## - MAIN ENTRY--PERSONAL NAME | |
| Personal name | স্টাইগার, রালফ সি |
| 245 ## - TITLE STATEMENT | |
| Title | পাঠপ্রসঙ্গ / |
| Statement of responsibility, etc | রালফ সি স্টাইগার, সরদার ফজলুল করিম (অনু.) |
| 260 ## - PUBLICATION, DISTRIBUTION, ETC. (IMPRINT) | |
| Place of publication, distribution, etc | ঢাকা : |
| Name of publisher, distributor, etc | মাওলা ব্রাদার্স, |
| Date of publication, distribution, etc | 1999. |
| 300 ## - PHYSICAL DESCRIPTION | |
| Pagination | 127 p. : |
| Dimensions | 21 cm. |
| 650 ## - SUBJECT ADDED ENTRY--TOPICAL TERM | |
| Topical term or geographic name as entry element | Education |
| 700 ## - ADDED ENTRY--PERSONAL NAME | |
| Personal name | করিম, সরদার ফজলুল |
| 942 ## - ADDED ENTRY ELEMENTS (KOHA) | |
| Source of classification or shelving scheme | Dewey Decimal Classification |
| Koha item type | Books |
| Source of classification or shelving scheme | Damaged status | Not for loan | Home library | Current library | Shelving location | Cost, normal purchase price | Total Checkouts | Full call number | Barcode | Date last seen | Copy number | Koha item type |
|---|---|---|---|---|---|---|---|---|---|---|---|---|
| Dewey Decimal Classification | JCC Rouf Library | JCC Rouf Library | General Stacks | 100.00 | 371 KAR 1999 | 9322 | 01/29/2018 | C - 1 | Books |